[Event "CZE-chT2e 0405"]
[Site "Czech Republic"]
[Date "2005.03.20"]
[Round "10.7"]
[White "Korycanek, Jaromir"]
[Black "Filipik, Jan"]
[Result "1-0"]
[WhiteElo "1908"]
[BlackElo "1742"]
[PlyCount "81"]
[EventDate "2004.10.17"]
[EventType "team"]
[EventRounds "11"]
[EventCountry "CZE"]
[SourceTitle "EXT 2007"]
[Source "ChessBase"]
[SourceDate "2006.11.23"]
[SourceVersion "1"]
[SourceVersionDate "2006.11.23"]
[SourceQuality "1"]

1. c4 e5 2. Nc3 Nf6 3. g3 Nc6 4. Bg2 Be7 5. d3 0-0 6. Nf3 d6 7. 0-0 Be6 8. Ng5 Qd7 9. Nxe6 Qxe6 10. Nd5 Qd7 11. Bd2 a6 12. Bc3 h6 13. e3 Rac8 14. f4 Rfe8 15. Qf3 Bd8 16. fxe5 Nxe5 17. Nxf6+ Bxf6 18. Qxb7 Rb8 19. Qd5 c6 20. Qe4 Bg5 21. Rae1 Rbd8 22. Bxe5 dxe5 23. h4 Bf6 24. Qxc6 Qxd3 25. Be4 Qd6 26. Qxd6 Rxd6 27. Bd5 Re7 28. b4 e4 29. Rd1 Kf8 30. Kg2 Bc3 31. a3 Bb2 32. a4 Rf6 33. Rxf6 Bxf6 34. c5 Bc3 35. b5 axb5 36. axb5 Bb4 37. Bc6 f5 38. b6 Bxc5 39. b7 Ba7 40. Rd8+ Kf7 41. Ra8 1-0